000 00733nam a2200253 a 4500
001 30966
003 BD-RjUL
005 20211209051637.0
008 140412r19591956enk 001 0 eng d
020 _a0582484111
035 _a(BD-RjUL)31053
040 _aQUT
_beng
_cQUT
_dABN:1
_dBD-RjUL
041 _aeng
082 0 0 _a801.95
_219
_bDAC 1959
100 1 _aDaiches, David,
_d1912-2005.
_952486
245 1 0 _aCritical approaches to literature /
_cDavid Daiches.
260 _aLondon :
_bLongmans,
_c1956 [impression 1959, 1961]
300 _aix, 404 p. ;
_c22 cm.
504 _aIncludes index.
650 0 _aCriticism.
_994103
650 0 _aPoetry
_xHistory and criticism.
_994104
942 _2ddc
_cBK
999 _c30966
_d30966